000 00847nas a2200289 4500
001 BR9800036
003 BR-BrBNA
005 20231205100655.0
007 ta
008 230509b bl.|||p| |||| 00| 00por d
040 _aBR-BrBNA
_bpor
_cBiblioteca Nacional de Agricultura
041 _a(Pt)
072 _aK50
100 1 _aPimenta, A.S.
100 1 _aVital, B.R.
100 1 _aLucia, R.M.D.
100 1 _aSilva, E.H. da
245 1 _aProducao de chapas de flocos com adesivos fenolicos a base de alcatrao e creosoto de eucalipto
650 _aEucalipto
650 _aCreosoto
650 _aAlcatrao
650 _aChapa de Particulas
650 _aAdesivo
773 0 _tRevista Arvore (Brazil)
_xISSN 0100-6762
_g(Jul-Sep 1996), v. 20(3) p. 343-366
_wBR9800036
909 _a202311
_bLúcia
_c55
_dLúcia Elande
942 _2AGRIS
_n0
_cANA
999 _c157392
_d157392